Las Condiciones de la Esperanza
| Main Author: | |
|---|---|
| Format: | Section = Libro |
| Language: | Undetermined Spanish |
| Published: |
Nicaragua
PIDMA-UNI
2002
|
| Subjects: |
| LEADER | 00591nam a2200205Ia 4500 | ||
|---|---|---|---|
| 008 | 240830s9999 xx 000 0 und d | ||
| 020 | |a 99924-0-204-0 | ||
| 040 | |a B-ESTELÍ- RUACS / 303.44 P964 | ||
| 041 | |a spa | ||
| 082 | |a 303.44 P964 | ||
| 100 | 1 | |a Nicaragua. Programa de las Naciones Unidas para el Desarrollo | |
| 245 | 1 | 0 | |a Las Condiciones de la Esperanza |
| 260 | |a Nicaragua |b PIDMA-UNI |c 2002 | ||
| 300 | |a 222 p:il | ||
| 650 | 7 | |a DESARROLLO SOCIAL DE NICARAGUA | |
| 650 | 7 | |b DESARROLLO ECONOMICO Y SOCIAL | |
| 650 | 7 | |c POBLACION I | |
| 942 | |c BK |2 ddc | ||
| 991 | |a TEXTO | ||
| 999 | |c 10664 | ||